Výskum vplyvu parametrov procesu zhutňovania agátových pilín na výslednú kvalitu výliskov
Uložené v:
| Hlavný autor: | |
|---|---|
| Ďalší autori: | |
| Médium: | Rukopis Kniha |
| Jazyk: | Slovak |
| Vydavateľské údaje: |
2016
|
| Predmet: | |
| On-line prístup: | http://is.stuba.sk/zp/portal_zp.pl?podrobnosti=133540 |
| Tagy: |
Žiadne tagy, Buďte prvý, kto otaguje tento záznam!
|
MARC
| LEADER | 00000ntm a22000003a 4500 | ||
|---|---|---|---|
| 001 | stuzp58850 | ||
| 003 | SK-STU | ||
| 005 | 20160719155701.4 | ||
| 007 | ta | ||
| 008 | 150427s2015----xo-----f-mn---000-0-slo-d | ||
| 040 | |a STU |b slo | ||
| 041 | 0 | |a slo | |
| 100 | 1 | |a Sátor, Gábor |u 020070 |k Z4 |4 aut |U SjF Strojnícka fakulta |T SjF Ústav výrobných systémov, enviromentálnej techniky a manažment kvality |X 9826 |U J0070 |Y 804 |7 A000009826 | |
| 242 | 0 | 1 | |a Research on the influence of parametres in the process of compacting babul tree saw dust for final quality press-work |y eng |
| 245 | 1 | 0 | |a Výskum vplyvu parametrov procesu zhutňovania agátových pilín na výslednú kvalitu výliskov |
| 260 | |c 2016 | ||
| 650 | 4 | |a experimentálny výskum |2 slo | |
| 650 | 4 | |a matematický model |2 slo | |
| 650 | 4 | |a ukazovatele kvality výliskov |2 slo | |
| 650 | 4 | |a Indexes of quality press-work |2 eng | |
| 650 | 4 | |a experimental research |2 eng | |
| 650 | 4 | |a mathematic model |2 eng | |
| 700 | 1 | |a Križan, Peter |u 020070 |k Z1 |4 ths |U SjF Strojnícka fakulta |T SjF Ústav výrobných systémov, enviromentálnej techniky a manažment kvality |X 38318 |U J0070 |Y 804 |7 A000038318 | |
| 856 | 4 | |u http://is.stuba.sk/zp/portal_zp.pl?podrobnosti=133540 | |
| 996 | |b 284J043970 |c J* 2260/DP |l JJSK |s A |a 24 |w stuzp58850_0001 | ||
| SQL | |a stuzp58850 |b DDP |c SLO |d Výskum vplyvu parametrov procesu zhutňovania agátových pilín na výslednú kvalitu výliskov |e 9826 |f Sátor, Gábor |g 020070 |h 38318 |i Križan, Peter |j 20160615 |k 1326 |l 02 |m http://is.stuba.sk/zp/portal_zp.pl?podrobnosti=133540 |n I-EVT |o 5.2.50. výrobná technika | ||